La literatura en el Siglo XIX / (Record no. 178391)

MARC details
000 -LEADER
campo de control de longitud fija 00807nam a22002415i 4500
001 - NÚMERO DE CONTROL
campo de control 178391
003 - IDENTIFICADOR DE NÚMERO DE CONTROL
campo de control ES-MaACL
005 - FECHA Y HORA DE LA ÚLTIMA TRANSACCIÓN
campo de control 20250827100620.0
008 - DATOS DE LONGITUD FIJA--INFORMACIÓN GENERAL
campo de control de longitud fija 110526s1970 sp |||| | spa d
080 ## - NÚMERO DE LA CLASIFICACIÓN DECIMAL UNIVERSAL
Número de la Clasificación Decimal Universal 930.85
080 ## - NÚMERO DE LA CLASIFICACIÓN DECIMAL UNIVERSAL
Número de la Clasificación Decimal Universal 82.09"18"
100 1# - ENTRADA PRINCIPAL--NOMBRE DE PERSONA
Nombre de persona Téllez, José.
9 (RLIN) 146713
245 13 - MENCIÓN DEL TÍTULO
Título La literatura en el Siglo XIX /
Mención de responsabilidad, etc. por José Téllez.
260 ## - PUBLICACIÓN, DISTRIBUCIÓN, ETC.
Lugar de publicación, distribución, etc. Madrid :
Nombre del editor, distribuidor, etc. Delblan,
Fecha de publicación, distribución, etc. D. L. 1970.
300 ## - DESCRIPCIÓN FÍSICA
Extensión 16 p. ;
Dimensiones 16 cm.
490 1# - MENCIÓN DE SERIE
Mención de serie Mosaico cultural. 8. Historia universal ;
Designación de volumen o secuencia 20
500 ## - NOTA GENERAL
Nota general Encuadernado con otros títulos.
650 04 - PUNTO DE ACCESO ADICIONAL DE MATERIA--TÉRMINO DE MATERIA
Término de materia o nombre geográfico como elemento de entrada Civilización-
Subdivisión general Historia
9 (RLIN) 11082
650 #4 - PUNTO DE ACCESO ADICIONAL DE MATERIA--TÉRMINO DE MATERIA
Término de materia o nombre geográfico como elemento de entrada Literatura-
Subdivisión cronológica S.XIX-
Subdivisión general Historia y crítica.
9 (RLIN) 142386
830 00 - PUNTO DE ACCESO ADICIONAL DE SERIE-TÍTULO UNIFORME
Título uniforme Mosaico cultural.
Nombre de parte o sección de la obra Historia universal
Designación de volumen o secuencia 20
9 (RLIN) 190931
852 ## - LOCALIZACIÓN
Ubicación ES-MaACL
Número de control de estantería E-15195 (20)
Encuadernación Olim P-1923
Holdings
Estatus retirado Estado de pérdida Estado de daño No para préstamo Biblioteca de origen Biblioteca actual Ubicación en estantería Fecha de adquisición Fuente de adquisición Total de préstamos Signatura topográfica completa Código de barras Visto por última vez Precio de reemplazo Tipo de ítem Koha
        Biblioteca del Ateneo de Madrid Biblioteca del Ateneo de Madrid Depósito 2 26/05/2011     E-15195 (20) 1187387 23/02/2023 23/02/2023 Libro impreso